000 00647nam a22001815i 4500
001 162187
003 ES-MaACL
005 20250728110717.0
008 041102s1804 sp |||| | spa d
040 _aCAM
_bspa
_cCAM
100 1 _aPinton, José.
_992237
245 1 0 _aExtracto del compendio histórico de la religión /
_ccompuesto, corregido y aumentado en esta nueva edición por Josef Pinton.
260 _aMadrid :
_b[s.n.],
_c1804 (
_fImprenta Real)
300 _a159 p. ;
_c16 cm.
650 7 _aReligión
_2embne
_916797
852 _aES-MaACL
_jR-2921
_z-- Enc. pasta española
_x Olim:G-9924
999 _c162187
_d162187